[Event "Santa Fe op"]
[Site "Santa Fe"]
[Date "2020.02.16"]
[Round "7"]
[White "Hevia, Geronimo"]
[Black "Mutuberria, Waldo"]
[Result "1/2-1/2"]
[WhiteElo "1653"]
[BlackElo "1680"]
[PlyCount "39"]
[EventDate "2020.02.08"]
[EventType "swiss"]
[EventRounds "7"]
[EventCountry "ARG"]
[SourceTitle "CBM 195 Extra"]
[Source "ChessBase"]
[SourceDate "2020.05.31"]
[SourceVersion "1"]
[SourceVersionDate "2020.05.31"]
[SourceQuality "1"]

1. c4 c5 2. Nc3 Nc6 3. Nf3 e5 4. g3 Nge7 5. Bg2 g6 6. 0-0 Bg7 7. d3 0-0 8. Bg5 h6 9. Bxe7 Nxe7 10. Ne1 d6 11. Nc2 f5 12. Rb1 a5 13. a3 Nc6 14. Nd5 h5 15. b4 h4 16. e3 hxg3 17. fxg3 axb4 18. axb4 Ra2 19. bxc5 dxc5 20. Nc3 1/2-1/2

[Event "Santa Fe op"]
[Site "Santa Fe"]
[Date "2020.02.08"]
[Round "2"]
[White "Mutuberria, Waldo"]
[Black "Knuttzen, Joaquin"]
[Result "1-0"]
[WhiteElo "1680"]
[BlackElo "1526"]
[PlyCount "69"]
[EventDate "2020.02.08"]
[EventType "swiss"]
[EventRounds "7"]
[EventCountry "ARG"]
[SourceTitle "CBM 195 Extra"]
[Source "ChessBase"]
[SourceDate "2020.05.31"]
[SourceVersion "1"]
[SourceVersionDate "2020.05.31"]
[SourceQuality "1"]

1. c3 d5 2. d4 Nf6 3. Nf3 Bg4 4. Qb3 Qc8 5. Ne5 Bf5 6. Nd2 e6 7. Ndf3 Bd6 8. Bf4 Nc6 9. e3 a6 10. Nxc6 Bxf4 11. exf4 bxc6 12. Qa4 0-0 13. Be2 Qb7 14. b3 Ne4 15. Rc1 f6 16. 0-0 Rfe8 17. c4 Qb6 18. cxd5 cxd5 19. Rc6 Qb8 20. Rfc1 e5 21. Rxc7 exf4 22. Qc6 Qd8 23. Bf1 Ng5 24. Nxg5 fxg5 25. Qb7 Qf6 26. Qxd5+ Be6 27. Qc5 Rec8 28. Bc4 Rxc7 29. Bxe6+ Qxe6 30. Qxc7 Re8 31. Qc4 Qxc4 32. bxc4 Re4 33. d5 Kf7 34. c5 Re5 35. c6 1-0

[Event "Santa Fe de los Reyes Memorial 2nd"]
[Site "Santa Fe"]
[Date "2019.08.25"]
[Round "4.3"]
[White "Mutuberria, Waldo"]
[Black "Barrera, Ulises"]
[Result "1/2-1/2"]
[WhiteElo "1695"]
[BlackElo "1574"]
[PlyCount "32"]
[EventDate "2019.08.24"]
[EventType "swiss"]
[EventRounds "6"]
[EventCountry "ARG"]
[SourceTitle "EXT 2024"]
[Source "ChessBase"]
[SourceDate "2023.10.10"]
[SourceVersion "1"]
[SourceVersionDate "2023.10.10"]
[SourceQuality "1"]

1. c3 Nf6 2. d4 g6 3. Nf3 Bg7 4. Bg5 d6 5. Bxf6 Bxf6 6. e4 Nd7 7. Nbd2 0-0 8. Bd3 c5 9. dxc5 Nxc5 10. Bc2 b6 11. 0-0 Ba6 12. Re1 Rc8 13. Nb3 Ne6 14. Qd2 Qc7 15. Rac1 Rfd8 16. Nfd4 Ng7 1/2-1/2

[Event "Santa Fe de los Reyes Memorial 2nd"]
[Site "Santa Fe"]
[Date "2019.08.25"]
[Round "6.5"]
[White "Mutuberria, Waldo"]
[Black "Vazquez, Sebastian"]
[Result "0-1"]
[WhiteElo "1695"]
[BlackElo "1842"]
[PlyCount "46"]
[EventDate "2019.08.24"]
[EventType "swiss"]
[EventRounds "6"]
[EventCountry "ARG"]
[SourceTitle "EXT 2024"]
[Source "ChessBase"]
[SourceDate "2023.10.10"]
[SourceVersion "1"]
[SourceVersionDate "2023.10.10"]
[SourceQuality "1"]

1. d4 Nf6 2. Nf3 g6 3. c3 Bg7 4. Bg5 Ne4 5. Bf4 d5 6. Nbd2 Nd7 7. e3 0-0 8. Bd3 Nxd2 9. Nxd2 e5 10. dxe5 Nxe5 11. Be2 g5 12. Bg3 f5 13. h3 f4 14. exf4 gxf4 15. Bh2 Qg5 16. Nf3 Qxg2 17. Qxd5+ Kh8 18. 0-0-0 c6 19. Qe4 Bf5 20. Qxf4 Bf6 21. Qxe5 Bxe5 22. Bxe5+ Kg8 23. Bc4+ Rf7 0-1

[Event "Santa Fe de los Reyes Memorial 2nd"]
[Site "Santa Fe"]
[Date "2019.08.24"]
[Round "3.4"]
[White "Dib, Nadir"]
[Black "Mutuberria, Waldo"]
[Result "0-1"]
[WhiteElo "1771"]
[BlackElo "1695"]
[PlyCount "90"]
[EventDate "2019.08.24"]
[EventType "swiss"]
[EventRounds "6"]
[EventCountry "ARG"]
[SourceTitle "EXT 2024"]
[Source "ChessBase"]
[SourceDate "2023.10.10"]
[SourceVersion "1"]
[SourceVersionDate "2023.10.10"]
[SourceQuality "1"]

1. e4 c5 2. Nf3 Nc6 3. d4 cxd4 4. Nxd4 e5 5. Nb5 d6 6. c4 a6 7. N5a3 Nf6 8. Nc3 Be7 9. Be2 0-0 10. Nc2 Be6 11. 0-0 Rc8 12. Ne3 Nd7 13. Ned5 Bg5 14. f4 exf4 15. Nxf4 Bf6 16. Nxe6 fxe6 17. Qxd6 Bd4+ 18. Kh1 Rxf1+ 19. Bxf1 Nc5 20. Qxd8+ Rxd8 21. Bg5 Rf8 22. Bh4 Bxc3 23. bxc3 Nxe4 24. Kg1 Nxc3 25. a3 e5 26. Rc1 Ne4 27. Bd3 Nf6 28. Bxf6 Rxf6 29. Rb1 Na5 30. Be4 b6 31. Bd5+ Kf8 32. Re1 Nc6 33. Rb1 Ne7 34. Re1 Nxd5 35. cxd5 Ke7 36. Rxe5+ Kd6 37. Rg5 g6 38. h4 Rf5 39. Rg4 Kxd5 40. Rb4 b5 41. g3 Kc5 42. Rb3 a5 43. Kg2 Kc4 44. Rb1 b4 45. g4 Rf7 0-1

[Event "Santa Fe Anca op 3rd"]
[Site "Santa Fe"]
[Date "2019.03.23"]
[Round "2"]
[White "Gandolla, Alejandro"]
[Black "Mutuberria, Waldo"]
[Result "1/2-1/2"]
[WhiteElo "1704"]
[BlackElo "1597"]
[PlyCount "78"]
[EventDate "2019.03.22"]
[EventType "swiss"]
[EventRounds "6"]
[EventCountry "ARG"]
[SourceTitle "CBM 190 Extra"]
[Source "ChessBase"]
[SourceDate "2019.07.15"]
[SourceVersion "1"]
[SourceVersionDate "2019.07.15"]
[SourceQuality "1"]

1. e4 c5 2. d4 cxd4 3. c3 d5 4. exd5 Qxd5 5. cxd4 Nf6 6. Nc3 Qd8 7. Nf3 e6 8. Be2 Be7 9. 0-0 0-0 10. Ne5 Nc6 11. Nxc6 bxc6 12. Bf3 Nd5 13. Be3 Rb8 14. Rb1 Ba6 15. Re1 Bc4 16. a3 Nxc3 17. bxc3 Qa5 18. Qc2 Qxa3 19. Ra1 Qb3 20. Qxb3 Rxb3 21. Rxa7 Bf6 22. Rc1 Bd5 23. Bd1 Rb2 24. c4 Be4 25. f3 Rb1 26. Rxb1 Bxb1 27. Rc7 h6 28. Rxc6 Rd8 29. Rb6 Ba2 30. c5 Bxd4 31. Bxd4 Rxd4 32. Bc2 g6 33. Be4 Bd5 34. Rd6 Kf8 35. c6 Ke7 36. Rd7+ Ke8 37. Kf2 Rc4 38. Bxd5 exd5 39. Rxd5 Rxc6 1/2-1/2